20 años de universidades privadas en la República Argentina (Record no. 14923)

MARC details
000 -LEADER
campo de control de longitud fija 00839nmm a2200241 a 4500
003 - IDENTIFICADOR DE NÚMERO DE CONTROL
campo de control AR-BaBNM
005 - FECHA Y HORA DE LA ÚLTIMA TRANSACCIÓN
campo de control 20251128210321.0
008 - DATOS DE LONGITUD FIJA--INFORMACIÓN GENERAL
campo de control de longitud fija 199119s1978 ||||||||||||||000 | spa||
040 ## - FUENTE DE CATALOGACIÓN
Centro/agencia transcriptor AR-BaBNM
110 2# - ENTRADA PRINCIPAL--NOMBRE DE ENTIDAD CORPORATIVA
Nombre de entidad corporativa o nombre de jurisdicción como elemento de entrada Consejo de Rectores de las Universidades Privadas
245 10 - MENCIÓN DEL TÍTULO
Título 20 años de universidades privadas en la República Argentina
246 1# - FORMA VARIANTE DEL TITULO
Título propio/Titulo breve Veinte años de universidades privadas en la República Argentina
260 ## - PUBLICACIÓN, DISTRIBUCIÓN, ETC.
Lugar de publicación, distribución, etc. Buenos Aires
Nombre del editor, distribuidor, etc. De Belgrano
Fecha de publicación, distribución, etc. 1978
300 0# - DESCRIPCIÓN FÍSICA
Extensión 301 p.
Otros detalles físicos il.
500 0# - NOTA GENERAL
Nota general Contiene apéndice con datos sobre las Universidades privadas existentes en la República Argentina p. 281-301
650 #4 - PUNTO DE ACCESO ADICIONAL DE MATERIA--TÉRMINO DE MATERIA
Término de materia o nombre geográfico como elemento de entrada UNIVERSIDADES PRIVADAS
651 #4 - PUNTO DE ACCESO ADICIONAL DE MATERIA--NOMBRE GEOGRÁFICO
Nombre geográfico Argentina
653 ## - TÉRMINO DE INDIZACIÓN--NO CONTROLADO
Término no controlado EDUCACION SUPERIOR
653 ## - TÉRMINO DE INDIZACIÓN--NO CONTROLADO
Término no controlado CREACION DE UNIVERSIDADES
653 ## - TÉRMINO DE INDIZACIÓN--NO CONTROLADO
Término no controlado HISTORIA DE LA UNIVERSIDAD
942 ## - ELEMENTOS DE ENTRADA SECUNDARIOS (KOHA)
Tipo de ítem Koha Libros
998 ## - INFORMACIÓN DE CONTROL LOCAL (RLIN)
Iniciales del catalogador, CIN (RLIN) Raquel
Holdings
Estatus retirado Estado de pérdida Fuente de la clasificación o esquema de estantería Estado de daño Restricciones de uso No para préstamo Biblioteca de origen Biblioteca actual Fecha de adquisición Total de préstamos Signatura topográfica completa Código de barras Visto por última vez Precio de reemplazo Tipo de ítem Koha
    Clasificación Decimal Dewey   Acceso restringido No para préstamo Liberty Liberty 28/11/2025   378 CON 119778 28/11/2025 28/11/2025 Libros